Zákon č. 149/2003 Sb. - zákon o obchodu s reprodukčním materiálem lesních dřevin

Jazyk: Čeština
Vydáno: Brandýs nad Labem : Ústav pro hospodářskou úpravu lesů, [2009?]
Témata:
Fyzický popis: [6] s. : barev. il. ; 21 cm
Knihy
Uloženo v:
LEADER 01236nam a2200373 a 4500
001 nkc20102104610
003 CZ PrNK
005 20100602090535.0
007 ta
008 100503s2009 xr a e lf 000 0 cze
015 |a cnb002104610 
020 |q (Skládanka) 
040 |a BOA001  |b cze 
043 |a e-xr--- 
072 7 |a 630  |x Lesnictví  |2 Konspekt  |9 24 
080 |a 582.091/.097:630  |2 MRF 
080 |a 630.23  |2 MRF 
080 |a 630.233  |2 MRF 
080 |a (437.3)  |2 MRF 
080 |a (094.5)  |2 MRF 
080 |a (036)  |2 MRF 
245 0 0 |a Zákon č. 149/2003 Sb. - zákon o obchodu s reprodukčním materiálem lesních dřevin 
260 |a Brandýs nad Labem :  |b Ústav pro hospodářskou úpravu lesů,  |c [2009?] 
300 |a [6] s. :  |b barev. il. ;  |c 21 cm 
650 0 7 |a lesní dřeviny  |7 ph115112  |z Česko  |2 czenas 
650 0 7 |a obnova lesních porostů  |7 ph136605  |z Česko  |2 czenas 
650 0 7 |a zalesňování  |7 ph127531  |z Česko  |2 czenas 
655 7 |a zákony  |7 fd133886  |2 czenas 
655 7 |a informační publikace  |7 fd132454  |2 czenas 
910 2 |a BOA001  |b 2-1243.151 
990 |a BK 
995 |a 60 
991 |b 201006 
996 6 |b 2610437295  |c 2-1243.151  |l MZK  |r Sklad / do 1 hodiny  |n 0  |p p.v.  |w 001121368  |u 000010  |a 1  |e BOA001  |j MZK50  |s P